BUBT Library Online Catalog

Oliver Twist : (Record no. 6551)

000 -LEADER
fixed length control field 00855nam a22002297a 4500
003 - CONTROL NUMBER IDENTIFIER
control field BUBTL
008 - FIXED-LENGTH DATA ELEMENTS--GENERAL INFORMATION
fixed length control field 211004b ||||| |||| 00| 0 eng d
020 ## - INTERNATIONAL STANDARD BOOK NUMBER
International Standard Book Number 039396292X
082 ## - DEWEY DECIMAL CLASSIFICATION NUMBER
Classification number 823.8 / D554o 1993
100 ## - MAIN ENTRY--PERSONAL NAME
9 (RLIN) 4207
Personal name Dickens, Charles
245 ## - TITLE STATEMENT
Title Oliver Twist :
Remainder of title authoritative text, backgrounds and sources, early reviews, criticism /
Statement of responsibility, etc. Charles Dickens, Fred Kaplan
250 ## - EDITION STATEMENT
Edition statement 1st ed.
260 ## - PUBLICATION, DISTRIBUTION, ETC. (IMPRINT)
Place of publication, distribution, etc. New York :
Name of publisher, distributor, etc. W.W. Norton & Co.,
Date of publication, distribution, etc. c1993.
300 ## - PHYSICAL DESCRIPTION
Extent xii, 611 pages :
Dimensions 22 cm.
440 ## - SERIES STATEMENT/ADDED ENTRY--TITLE
9 (RLIN) 4237
Title A Norton Critical Edition.
505 ## - FORMATTED CONTENTS NOTE
Formatted contents note Dickens, Charles, Oliver Twist, authoritative text, backgrounds and sources, early reviews, criticism, Fred, Kaplan ,Fred Kaplan
650 #0 - SUBJECT ADDED ENTRY--TOPICAL TERM
9 (RLIN) 1994
Topical term or geographic name as entry element English Literature
700 ## - ADDED ENTRY--PERSONAL NAME
9 (RLIN) 4241
Personal name Kaplan, Fred
856 ## - ELECTRONIC LOCATION AND ACCESS
Password 0
Logon 0
Link text Download
942 ## - ADDED ENTRY ELEMENTS (KOHA)
Source of classification or shelving scheme
Koha item type Books
Holdings
Withdrawn status Lost status Source of classification or shelving scheme Damaged status Not for loan Collection code Permanent location Current location Shelving location Date acquired Source of acquisition Inventory number Total Checkouts Full call number Barcode Date last seen Copy number Price effective from Koha item type
          Fiction Bangladesh University of Business and Technology Library Bangladesh University of Business and Technology Library Law Stacks 03/01/2007 Purchase 3466   823.8 / D554o 1993 BUBTL-20033466 10/04/2021 C-1 10/04/2021 Books

More Information About Library

Library Hours

  • Open: 9.00 am. to 9.00 pm.
  • Only Sunday: 9.00 am. to 6.00 pm.
  • Closed: Holiday

Contact to the University

Bangladesh University of Business and Technology Library

  • Mirpurl-2, 1216.
  • Phone:
  • Fax:
  • E-Mail: admin.library@bubt.edu.bd

Contact to the Library

Contact Person:

Md. Abdul Hakim Shah
Joint Librarian
PABX No:  113
Cell No: 01816332931
E-mail: official: admin.library@bubt.edu.bd
Personal: hakim.shah@bubt.edu.bd


BUBT Library

Copyright © 2021